[Event "WYCC Girls 10"]
[Site "Porto Carras"]
[Date "2015.10.27"]
[Round "3.7"]
[White "Otetea, Ioana"]
[Black "Zvereva, Margarita"]
[Result "0-1"]
[BlackElo "1677"]
[WhiteElo "1515"]
[LiveChessVersion "1.4.6"]

1. e4 {[%clk 1:30:58]} c6 {[%clk 1:30:51]} 2. d4 {[%clk 1:31:17]} d5
{[%clk 1:31:15]} 3. exd5 {[%clk 1:31:41]} cxd5 {[%clk 1:31:37]} 4. Bd3
{[%clk 1:31:55]} Nc6 {[%clk 1:31:33]} 5. c3 {[%clk 1:32:02]} Nf6 {[%clk 1:31:42]}
6. Bf4 {[%clk 1:32:17]} g6 {[%clk 1:30:21]} 7. Nf3 {[%clk 1:32:11]} Bg7
{[%clk 1:29:08]} 8. Nbd2 {[%clk 1:32:13]} O-O {[%clk 1:24:54]} 9. O-O
{[%clk 1:32:23]} Nh5 {[%clk 1:21:19]} 10. Be3 {[%clk 1:32:36]} f6
{[%clk 1:06:26]} 11. c4 {[%clk 1:24:43]} dxc4 {[%clk 1:01:27]} 12. Bxc4+
{[%clk 1:24:43]} Kh8 {[%clk 1:00:48]} 13. Nb3 {[%clk 1:22:31]} a6
{[%clk 0:48:10]} 14. Rc1 {[%clk 1:17:02]} Qd6 {[%clk 0:41:44]} 15. Qd2
{[%clk 1:12:17]} b5 {[%clk 0:36:39]} 16. Be2 {[%clk 1:11:28]} f5 {[%clk 0:34:09]}
17. Bh6 {[%clk 1:08:35]} Nf6 {[%clk 0:28:53]} 18. Bxg7+ {[%clk 1:06:01]} Kxg7
{[%clk 0:29:15]} 19. Nc5 {[%clk 1:00:36]} Ne4 {[%clk 0:24:03]} 20. Qd3
{[%clk 0:53:24]} Nxc5 {[%clk 0:22:03]} 21. dxc5 {[%clk 0:41:44]} Qxd3
{[%clk 0:21:43]} 22. Bxd3 {[%clk 0:41:56]} e5 {[%clk 0:21:15]} 23. Bc2
{[%clk 0:40:22]} e4 {[%clk 0:16:16]} 24. Nd2 {[%clk 0:39:33]} Nd4
{[%clk 0:12:47]} 25. Rfe1 {[%clk 0:38:42]} Bb7 {[%clk 0:07:57]} 26. Nb3
{[%clk 0:38:04]} Nxc2 {[%clk 0:04:30]} 27. Rxc2 {[%clk 0:38:15]} Bd5
{[%clk 0:03:26]} 28. Rd1 {[%clk 0:34:42]} Bxb3 {[%clk 0:01:33]} 29. axb3
{[%clk 0:34:42]} Rfd8 {[%clk 0:01:48]} 30. Rdc1 {[%clk 0:32:50]} Rd3
{[%clk 0:01:39]} 31. c6 {[%clk 0:32:29]} Rxb3 {[%clk 0:01:25]} 32. c7
{[%clk 0:32:08]} Rc8 {[%clk 0:01:42]} 33. Rc6 {[%clk 0:26:40]} Rd3
{[%clk 0:01:13]} 34. Rxa6 {[%clk 0:23:30]} Rd7 {[%clk 0:02:09]} 35. Rac6
{[%clk 0:22:49]} Kf7 {[%clk 0:01:37]} 36. Kf1 {[%clk 0:22:08]} Ke7
{[%clk 0:01:40]} 37. Ke2 {[%clk 0:22:01]} Rd6 {[%clk 0:01:56]} 38. R6c5
{[%clk 0:22:10]} Kd7 {[%clk 0:01:43]} 39. Rxb5 {[%clk 0:50:40]} Rxc7
{[%clk 0:32:00]} 40. Rxc7+ {[%clk 0:49:51]} Kxc7 {[%clk 0:32:21]} 41. Ra5
{[%clk 0:47:36]} Kb6 {[%clk 0:30:00]} 42. Ra1 {[%clk 0:46:44]} Rd7
{[%clk 0:27:28]} 43. Rd1 {[%clk 0:44:21]} Rb7 {[%clk 0:25:19]} 44. Rb1
{[%clk 0:42:55]} Kc5 {[%clk 0:24:51]} 45. Kd2 {[%clk 0:40:07]} Kb4
{[%clk 0:24:04]} 46. Kc2 {[%clk 0:37:56]} Rc7+ {[%clk 0:24:00]} 47. Kd2
{[%clk 0:37:10]} Kb3 {[%clk 0:24:01]} 48. Ke3 {[%clk 0:30:59]} Kc2
{[%clk 0:22:19]} 49. Ra1 {[%clk 0:29:23]} Kxb2 {[%clk 0:22:18]} 50. Ra5
{[%clk 0:28:39]} Kb3 {[%clk 0:19:05]} 51. h3 {[%clk 0:24:07]} Kb4
{[%clk 0:17:21]} 52. Re5 {[%clk 0:23:41]} Kb3 {[%clk 0:13:56]} 53. Kf4
{[%clk 0:21:48]} Rc2 {[%clk 0:13:23]} 54. Ke3 {[%clk 0:21:29]} Rc3+
{[%clk 0:12:50]} 55. Kf4 {[%clk 0:21:05]} Kc4 {[%clk 0:07:07]} 56. Re7
{[%clk 0:20:17]} Kd3 {[%clk 0:06:43]} 57. Rxh7 {[%clk 0:18:08]} Ke2
{[%clk 0:06:33]} 58. g4 {[%clk 0:13:18]} Kxf2 {[%clk 0:05:30]} 59. gxf5
{[%clk 0:13:00]} gxf5 {[%clk 0:05:23]} 60. Rf7 {[%clk 0:10:37]} Rf3+
{[%clk 0:02:56]} 61. Kg5 {[%clk 0:10:06]} e3 {[%clk 0:02:50]} 62. Rc7
{[%clk 0:08:55]} e2 {[%clk 0:02:48]} 63. Rc2 {[%clk 0:08:59]} Kf1
{[%clk 0:02:52]} 0-1

[Event "WYCC Girls 10"]
[Site "Porto Carras"]
[Date "2015.10.27"]
[Round "3.8"]
[White "Lomaia, Diana"]
[Black "Allahverdiyeva, Ayan"]
[Result "1/2-1/2"]
[BlackElo "1657"]
[WhiteElo "1498"]
[LiveChessVersion "1.4.6"]

1. e4 {[%clk 1:30:56]} e6 {[%clk 1:30:52]} 2. d4 {[%clk 1:31:19]} d5
{[%clk 1:31:16]} 3. Nd2 {[%clk 1:31:03]} Nf6 {[%clk 1:28:52]} 4. e5
{[%clk 1:28:38]} Nfd7 {[%clk 1:29:16]} 5. Bd3 {[%clk 1:27:55]} c5
{[%clk 1:29:37]} 6. c3 {[%clk 1:26:56]} Nc6 {[%clk 1:30:01]} 7. Ndf3
{[%clk 1:26:58]} cxd4 {[%clk 1:29:26]} 8. cxd4 {[%clk 1:26:44]} f6
{[%clk 1:29:38]} 9. exf6 {[%clk 1:25:56]} Nxf6 {[%clk 1:30:02]} 10. Ne2
{[%clk 1:23:57]} Bd6 {[%clk 1:30:24]} 11. O-O {[%clk 1:23:59]} O-O
{[%clk 1:30:47]} 12. Ng3 {[%clk 1:23:08]} e5 {[%clk 1:26:41]} 13. dxe5
{[%clk 1:20:41]} Nxe5 {[%clk 1:27:00]} 14. Nxe5 {[%clk 1:19:50]} Bxe5
{[%clk 1:27:23]} 15. Qb3 {[%clk 1:16:40]} Ng4 {[%clk 1:21:21]} 16. Be2
{[%clk 1:09:40]} Bd4 {[%clk 1:14:00]} 17. Bxg4 {[%clk 1:07:43]} Bxg4
{[%clk 1:14:18]} 18. Be3 {[%clk 1:04:34]} Bf6 {[%clk 1:10:49]} 19. Rac1
{[%clk 1:02:33]} Rf7 {[%clk 1:04:04]} 20. h3 {[%clk 0:57:32]} Be6
{[%clk 0:57:26]} 21. Rfd1 {[%clk 0:54:25]} Qe8 {[%clk 0:56:46]} 22. Qa3
{[%clk 0:38:29]} Rd7 {[%clk 0:34:30]} 23. Bd4 {[%clk 0:34:03]} Qf7
{[%clk 0:28:20]} 24. Qd3 {[%clk 0:31:08]} Rf8 {[%clk 0:23:08]} 25. Rc2
{[%clk 0:26:48]} Bxd4 {[%clk 0:20:14]} 26. Qxd4 {[%clk 0:26:56]} Qg6
{[%clk 0:19:57]} 27. Rdc1 {[%clk 0:26:09]} Rdf7 {[%clk 0:20:05]} 28. Qxa7 Qf6
{[%clk 0:20:05]} 29. Qe3 Re7 {[%clk 0:20:05]} 30. Qd3 Bf7 {[%clk 0:20:05]} 31.
Qd2 h5 {[%clk 0:20:05]} 32. Rc8 Ree8 {[%clk 0:20:05]} 33. Rxe8 Rxe8
{[%clk 0:20:05]} 34. a3 Qe5 {[%clk 0:20:05]} 35. Rd1 h4 {[%clk 0:20:05]} 36. Nf1
Rd8 {[%clk 0:20:05]} 37. Re1 Qf6 {[%clk 0:20:05]} 38. Re2 d4 {[%clk 0:20:05]} 39.
Nh2 d3 {[%clk 0:20:05]} 40. Re1 Qc6 {[%clk 0:20:05]} 41. Nf3 Bh5 {[%clk 0:20:05]}
42. Ne5 Qc2 {[%clk 0:20:05]} 43. Qg5 Rd5 {[%clk 0:20:05]} 44. Qxh5 d2
{[%clk 0:20:05]} 45. Qe8+ Kh7 {[%clk 0:20:05]} 46. Qh5+ Kg8 {[%clk 0:20:05]}
1/2-1/2

[Event "WYCC Girls 10"]
[Site "Porto Carras"]
[Date "2015.10.27"]
[Round "3.9"]
[White "Kairbekova, Amina"]
[Black "Long, Siyu"]
[Result "0-1"]
[BlackElo "1474"]
[WhiteElo "1655"]
[LiveChessVersion "1.4.6"]

1. e4 {[%clk 1:30:42]} e5 {[%clk 1:30:21]} 2. Nf3 {[%clk 1:30:33]} Nc6
{[%clk 1:30:09]} 3. d4 {[%clk 1:29:50]} exd4 {[%clk 1:28:55]} 4. Nxd4
{[%clk 1:27:54]} Bc5 {[%clk 1:28:32]} 5. Be3 {[%clk 1:28:14]} Bb6
{[%clk 1:28:20]} 6. Bc4 {[%clk 1:28:18]} Nge7 {[%clk 1:26:42]} 7. O-O
{[%clk 1:27:07]} O-O {[%clk 1:26:24]} 8. Nc3 {[%clk 1:25:39]} Nxd4
{[%clk 1:25:35]} 9. Bxd4 {[%clk 1:25:43]} Nc6 {[%clk 1:24:35]} 10. Bxb6
{[%clk 1:23:51]} axb6 {[%clk 1:24:02]} 11. a3 {[%clk 1:22:11]} d6
{[%clk 1:23:32]} 12. f4 {[%clk 1:21:24]} Be6 {[%clk 1:20:49]} 13. Bxe6
{[%clk 1:18:00]} fxe6 {[%clk 1:19:53]} 14. Qd3 {[%clk 1:17:04]} Qf6
{[%clk 1:18:24]} 15. Rae1 {[%clk 1:14:57]} Qd4+ {[%clk 1:16:59]} 16. Kh1
{[%clk 1:12:37]} Qxd3 {[%clk 1:11:50]} 17. cxd3 {[%clk 1:12:18]} Rf7
{[%clk 1:11:21]} 18. g3 {[%clk 1:10:30]} Raf8 {[%clk 1:11:19]} 19. Nb5
{[%clk 1:08:57]} g6 {[%clk 1:08:22]} 20. Kg2 {[%clk 1:07:31]} e5 {[%clk 1:07:25]}
21. fxe5 {[%clk 1:06:58]} Nxe5 {[%clk 1:07:19]} 22. Rxf7 {[%clk 1:06:37]} Rxf7
{[%clk 1:07:36]} 23. d4 {[%clk 1:04:44]} Nd3 {[%clk 1:07:24]} 24. Re2
{[%clk 1:04:35]} Kg7 {[%clk 1:05:32]} 25. b4 {[%clk 1:02:27]} g5 {[%clk 1:03:07]}
26. h3 {[%clk 0:59:00]} h5 {[%clk 1:03:06]} 27. g4 {[%clk 0:57:58]} Nf4+
{[%clk 1:03:23]} 28. Kf3 {[%clk 0:57:55]} Nxe2+ {[%clk 1:03:24]} 29. Kxe2
{[%clk 0:58:13]} hxg4 {[%clk 1:03:25]} 30. hxg4 {[%clk 0:58:38]} Rd7
{[%clk 1:03:26]} 31. Kf3 {[%clk 0:58:41]} c6 {[%clk 1:03:17]} 32. Nc3
{[%clk 0:58:35]} Rf7+ {[%clk 1:03:34]} 33. Kg3 {[%clk 0:58:54]} Rf1
{[%clk 1:03:35]} 34. d5 {[%clk 0:52:13]} Ra1 {[%clk 1:02:51]} 35. dxc6
{[%clk 0:47:52]} bxc6 {[%clk 1:02:59]} 36. Kg2 {[%clk 0:46:25]} Rxa3
{[%clk 1:03:09]} 37. Ne2 {[%clk 0:42:59]} Ra2 {[%clk 1:02:52]} 38. Kf3
{[%clk 0:42:48]} Rxe2 {[%clk 1:03:02]} 39. Kxe2 {[%clk 0:40:41]} Kf6
{[%clk 1:01:44]} 40. Kd3 {[%clk 1:05:31]} Ke5 {[%clk 1:31:49]} 41. Ke3
{[%clk 1:04:33]} b5 {[%clk 1:31:40]} 42. Kd3 {[%clk 1:00:58]} c5 {[%clk 1:31:46]}
43. bxc5 {[%clk 0:57:36]} dxc5 {[%clk 1:32:04]} 44. Kc3 {[%clk 0:57:23]} Kxe4
{[%clk 1:31:01]} 45. Kb3 {[%clk 0:55:10]} Kd3 {[%clk 1:31:19]} 46. Kb2
{[%clk 0:54:12]} c4 {[%clk 1:31:43]} 47. Kc1 {[%clk 0:53:50]} c3 {[%clk 1:32:07]}
48. Kd1 {[%clk 0:54:08]} c2+ {[%clk 1:32:28]} 49. Kc1 {[%clk 0:54:06]} b4
{[%clk 1:32:52]} 50. Kb2 {[%clk 0:54:20]} Kd2 {[%clk 1:33:14]} 51. Ka2
{[%clk 0:54:05]} c1=Q {[%clk 1:33:31]} 0-1

[Event "WYCC Girls 10"]
[Site "Porto Carras"]
[Date "2015.10.27"]
[Round "3.11"]
[White "Ma, Ichen"]
[Black "Ziegenfuss, Antonia"]
[Result "0-1"]
[BlackElo "1608"]
[WhiteElo "1322"]
[LiveChessVersion "1.4.6"]

1. d4 {[%clk 1:30:57]} d5 {[%clk 1:30:53]} 2. Nf3 {[%clk 1:31:17]} c6
{[%clk 1:30:43]} 3. e3 {[%clk 1:31:23]} Nf6 {[%clk 1:30:49]} 4. c4
{[%clk 1:31:42]} e6 {[%clk 1:31:03]} 5. Nc3 {[%clk 1:32:05]} Nbd7
{[%clk 1:31:09]} 6. Bd3 {[%clk 1:32:07]} dxc4 {[%clk 1:31:30]} 7. Bxc4
{[%clk 1:32:28]} b5 {[%clk 1:31:27]} 8. Bd3 {[%clk 1:32:51]} Bd6 {[%clk 1:31:34]}
9. e4 {[%clk 1:32:14]} e5 {[%clk 1:31:35]} 10. Bg5 {[%clk 1:31:35]} O-O
{[%clk 1:29:52]} 11. O-O {[%clk 1:31:36]} Bb7 {[%clk 1:28:20]} 12. Rc1
{[%clk 1:25:25]} a6 {[%clk 1:26:28]} 13. Re1 {[%clk 1:23:19]} h6 {[%clk 1:23:39]}
14. Bh4 {[%clk 1:22:11]} Rc8 {[%clk 1:20:10]} 15. Bb1 {[%clk 1:17:06]} Qe7
{[%clk 1:15:18]} 16. Qd3 {[%clk 1:11:48]} Rfd8 {[%clk 1:12:41]} 17. Bg3
{[%clk 1:09:58]} Nh5 {[%clk 1:08:04]} 18. dxe5 {[%clk 1:09:11]} Nxe5
{[%clk 1:07:38]} 19. Bxe5 {[%clk 1:06:46]} Bxe5 {[%clk 1:07:17]} 20. Qe2
{[%clk 1:06:24]} Bb8 {[%clk 1:05:50]} 21. Red1 {[%clk 1:06:16]} c5
{[%clk 1:04:10]} 22. Qe3 {[%clk 1:02:01]} Bf4 {[%clk 1:03:05]} 23. Rxd8+
{[%clk 0:54:51]} Rxd8 {[%clk 1:03:11]} 24. Qe1 {[%clk 0:54:21]} Bxc1
{[%clk 1:03:35]} 25. Qxc1 {[%clk 0:54:39]} Nf6 {[%clk 1:02:29]} 26. e5
{[%clk 0:50:19]} Nd5 {[%clk 0:58:49]} 27. Qc2 {[%clk 0:49:03]} g6
{[%clk 0:58:16]} 28. Ne4 {[%clk 0:45:33]} Nb4 {[%clk 0:55:49]} 29. Nf6+
{[%clk 0:45:06]} Qxf6 {[%clk 0:56:03]} 30. exf6 {[%clk 0:44:53]} Nxc2
{[%clk 0:56:28]} 31. Bxc2 {[%clk 0:45:16]} Bxf3 {[%clk 0:56:36]} 32. gxf3
{[%clk 0:45:42]} Rd2 {[%clk 0:57:00]} 33. Be4 {[%clk 0:43:23]} Rxb2
{[%clk 0:57:23]} 34. Bd5 {[%clk 0:43:05]} c4 {[%clk 0:57:10]} 35. Kg2
{[%clk 0:42:00]} c3 {[%clk 0:56:30]} 36. Bb3 {[%clk 0:40:52]} Rxa2
{[%clk 0:56:47]} 37. Bxa2 {[%clk 0:38:41]} c2 {[%clk 0:57:12]} 38. h4
{[%clk 0:38:40]} c1=Q {[%clk 0:57:19]} 39. h5 {[%clk 0:37:41]} Qg5+
{[%clk 0:57:08]} 40. Kf1 {[%clk 1:06:45]} Qxh5 {[%clk 1:27:05]} 41. f4
{[%clk 1:05:52]} a5 {[%clk 1:26:05]} 42. f5 {[%clk 1:04:37]} Qxf5
{[%clk 1:26:17]} 43. Bb3 {[%clk 1:02:31]} Qd3+ {[%clk 1:26:36]} 44. Kg2
{[%clk 1:00:28]} Qxb3 {[%clk 1:26:17]} 45. f4 {[%clk 0:56:09]} a4
{[%clk 1:26:45]} 46. f5 {[%clk 0:56:20]} a3 {[%clk 1:26:57]} 47. fxg6
{[%clk 0:52:35]} fxg6 {[%clk 1:27:26]} 48. f7+ {[%clk 0:52:31]} Kxf7
{[%clk 1:27:55]} 49. Kf2 {[%clk 0:52:54]} Qb2+ {[%clk 1:28:23]} 50. Kf3
{[%clk 0:50:53]} a2 {[%clk 1:28:51]} 51. Ke4 {[%clk 0:51:16]} a1=Q
{[%clk 1:29:14]} 52. Kd5 {[%clk 0:51:07]} Qd1+ {[%clk 1:29:30]} 53. Kc6
{[%clk 0:50:06]} Qc3+ {[%clk 1:29:58]} 54. Kb6 {[%clk 0:50:13]} Qd6+
{[%clk 1:30:26]} 0-1

[Event "WYCC Girls 10"]
[Site "Porto Carras"]
[Date "2015.10.28"]
[Round "4.1"]
[White "Mironenko, Galina"]
[Black "Stepanyan, Eva"]
[Result "1/2-1/2"]
[BlackElo "1611"]
[WhiteElo "1792"]
[LiveChessVersion "1.4.6"]

1. e4 {[%clk 1:30:58]} c5 {[%clk 1:30:53]} 2. Nf3 {[%clk 1:31:24]} e6
{[%clk 1:31:19]} 3. g3 {[%clk 1:31:50]} Nc6 {[%clk 1:30:14]} 4. Bg2
{[%clk 1:32:14]} g6 {[%clk 1:29:39]} 5. O-O {[%clk 1:32:03]} Bg7 {[%clk 1:28:38]}
6. Re1 {[%clk 1:31:33]} d6 {[%clk 1:28:19]} 7. c3 {[%clk 1:27:51]} Nge7
{[%clk 1:20:15]} 8. d4 {[%clk 1:27:29]} cxd4 {[%clk 1:18:14]} 9. cxd4
{[%clk 1:27:36]} O-O {[%clk 1:11:35]} 10. Nc3 {[%clk 1:26:53]} a6
{[%clk 1:03:02]} 11. a4 {[%clk 1:25:11]} Nb4 {[%clk 0:59:05]} 12. Be3
{[%clk 1:21:46]} d5 {[%clk 0:54:12]} 13. e5 h6 14. g4 {[%clk 0:57:56]} Bd7
{[%clk 0:48:25]} 15. h4 {[%clk 0:51:42]} Rc8 {[%clk 0:46:14]} 16. h5
{[%clk 0:42:59]} gxh5 {[%clk 0:39:11]} 17. gxh5 {[%clk 0:21:06]} Nf5
{[%clk 0:36:49]} 18. Qd2 {[%clk 0:19:48]} Kh7 {[%clk 0:35:02]} 19. Rac1
{[%clk 0:18:39]} Qe7 {[%clk 0:30:42]} 20. Kh2 {[%clk 0:10:31]} Rg8
{[%clk 0:28:48]} 21. Bh3 {[%clk 0:08:36]} Nh4 {[%clk 0:27:49]} 22. Nxh4
{[%clk 0:07:58]} Qxh4 {[%clk 0:28:11]} 23. Qe2 {[%clk 0:08:21]} f5
{[%clk 0:23:39]} 24. Rg1 {[%clk 0:07:45]} Be8 {[%clk 0:23:02]} 25. Qf3
{[%clk 0:04:41]} Bxh5 {[%clk 0:22:05]} 26. Qg3 {[%clk 0:04:45]} Qxg3+
{[%clk 0:21:20]} 27. fxg3 {[%clk 0:04:52]} Rc7 {[%clk 0:19:31]} 28. Rcf1
{[%clk 0:03:15]} Rc4 {[%clk 0:18:12]} 29. Rg2 {[%clk 0:02:39]} Nd3
{[%clk 0:14:36]} 30. Bg1 {[%clk 0:02:16]} Rb8 {[%clk 0:13:30]} 31. Rb1
{[%clk 0:01:45]} Bf3 {[%clk 0:12:47]} 32. Rd2 {[%clk 0:01:36]} Nxb2
{[%clk 0:11:41]} 33. Rdxb2 {[%clk 0:01:28]} Rxc3 {[%clk 0:12:02]} 34. Bg2
{[%clk 0:01:33]} Bxg2 {[%clk 0:12:03]} 35. Kxg2 {[%clk 0:01:58]} Rc4
{[%clk 0:03:16]} 1/2-1/2

[Event "WYCC Girls 10"]
[Site "Porto Carras"]
[Date "2015.10.28"]
[Round "4.2"]
[White "Zvereva, Margarita"]
[Black "Divya, Deshmukh"]
[Result "0-1"]
[BlackElo "1772"]
[WhiteElo "1677"]
[LiveChessVersion "1.4.6"]

1. e4 {[%clk 1:30:58]} c5 {[%clk 1:30:52]} 2. Nf3 {[%clk 1:31:19]} e6
{[%clk 1:31:10]} 3. d4 {[%clk 1:31:06]} cxd4 {[%clk 1:31:33]} 4. Nxd4
{[%clk 1:31:21]} a6 {[%clk 1:31:54]} 5. Nc3 {[%clk 1:25:25]} Qc7 {[%clk 1:30:17]}
6. Be2 {[%clk 1:13:41]} b5 {[%clk 1:30:33]} 7. a3 {[%clk 1:03:37]} Bb7
{[%clk 1:30:46]} 8. O-O {[%clk 0:57:48]} Nf6 {[%clk 1:30:44]} 9. Bf3
{[%clk 0:52:32]} Nc6 {[%clk 1:30:34]} 10. Be3 {[%clk 0:49:15]} Ne5
{[%clk 1:29:54]} 11. Re1 {[%clk 0:33:46]} Bc5 {[%clk 1:29:29]} 12. h3
{[%clk 0:23:22]} Nc4 {[%clk 1:29:09]} 13. Bc1 {[%clk 0:19:04]} Qb6
{[%clk 1:29:02]} 14. Be3 {[%clk 0:10:55]} Nxb2 {[%clk 1:29:03]} 15. Qd2
{[%clk 0:08:16]} Nc4 {[%clk 1:29:13]} 16. Qd1 {[%clk 0:07:15]} O-O
{[%clk 1:29:22]} 17. g3 {[%clk 0:04:59]} Rfd8 {[%clk 1:28:43]} 18. Bg2
{[%clk 0:04:14]} d5 {[%clk 1:28:52]} 19. e5 {[%clk 0:01:48]} Nd7 {[%clk 1:28:19]}
20. Nce2 {[%clk 0:00:56]} Ndxe5 {[%clk 1:28:25]} 21. Nf4 {[%clk 0:00:50]} Nxe3
{[%clk 1:28:41]} 22. fxe3 {[%clk 0:00:56]} Nc4 {[%clk 1:29:05]} 23. Nd3
{[%clk 0:00:46]} Nxe3 {[%clk 1:29:13]} 24. Rxe3 {[%clk 0:00:43]} Bxd4
{[%clk 1:29:36]} 25. Qe2 {[%clk 0:00:46]} Bxa1 {[%clk 1:29:44]} 26. Kh2
{[%clk 0:00:51]} d4 {[%clk 1:30:05]} 27. Re5 {[%clk 0:01:04]} Bc3
{[%clk 1:30:18]} 28. Rg5 {[%clk 0:00:50]} Bxg2 {[%clk 1:30:39]} 29. Qxg2
{[%clk 0:00:50]} Qd6 {[%clk 1:30:42]} 30. Nc5 {[%clk 0:00:40]} Qe7
{[%clk 1:31:03]} 31. Ne4 {[%clk 0:00:44]} f5 {[%clk 1:31:28]} 32. Rh5
{[%clk 0:00:48]} fxe4 {[%clk 1:31:45]} 33. Qxe4 {[%clk 0:00:53]} g6
{[%clk 1:32:12]} 34. Rh4 {[%clk 0:00:48]} Qf6 {[%clk 1:32:30]} 35. Rf4
{[%clk 0:01:04]} Qe7 {[%clk 1:32:55]} 36. Rh4 {[%clk 0:00:53]} a5
{[%clk 1:33:08]} 37. Rg4 {[%clk 0:00:53]} Rd5 {[%clk 1:32:50]} 38. Rf4
{[%clk 0:00:50]} Rf8 {[%clk 1:33:08]} 39. Rxf8+ {[%clk 0:01:04]} Kxf8
{[%clk 1:33:31]} 40. Qf4+ {[%clk 0:31:03]} Rf5 {[%clk 2:03:54]} 41. Qb8+
{[%clk 0:25:28]} Kg7 {[%clk 2:03:37]} 42. Qa8 {[%clk 0:16:40]} Qf7
{[%clk 2:03:46]} 43. h4 {[%clk 0:15:40]} Rf2+ {[%clk 2:03:55]} 44. Kg1
{[%clk 0:13:58]} Rxc2 {[%clk 2:03:49]} 45. Qg2 {[%clk 0:12:32]} Rxg2+
{[%clk 2:03:56]} 46. Kxg2 {[%clk 0:10:41]} d3 {[%clk 2:04:17]} 47. a4
{[%clk 0:05:19]} d2 {[%clk 2:04:34]} 48. h5 {[%clk 0:03:55]} d1=Q
{[%clk 2:04:54]} 49. h6+ {[%clk 0:01:38]} Kxh6 {[%clk 2:05:08]} 50. axb5
{[%clk 0:01:18]} Qff3+ {[%clk 2:05:27]} 51. Kh2 {[%clk 0:01:14]} Qdh1#
{[%clk 2:05:41]} 0-1

[Event "WYCC Girls 10"]
[Site "Porto Carras"]
[Date "2015.10.28"]
[Round "4.3"]
[White "Ziegenfuss, Antonia"]
[Black "Kamalidenova, Meruert"]
[Result "1-0"]
[BlackElo "1720"]
[WhiteElo "1608"]
[LiveChessVersion "1.4.6"]

1. e4 {[%clk 1:30:59]} c5 {[%clk 1:30:54]} 2. Nf3 {[%clk 1:31:23]} d6
{[%clk 1:31:11]} 3. d4 {[%clk 1:31:47]} cxd4 {[%clk 1:31:32]} 4. Nxd4
{[%clk 1:32:10]} Nf6 {[%clk 1:31:50]} 5. Nc3 {[%clk 1:32:22]} g6 {[%clk 1:32:09]}
6. Be3 {[%clk 1:32:32]} Bg7 {[%clk 1:32:31]} 7. f3 {[%clk 1:32:56]} O-O
{[%clk 1:32:49]} 8. Qd2 {[%clk 1:33:21]} Nc6 {[%clk 1:33:08]} 9. g4
{[%clk 1:33:40]} Be6 {[%clk 1:33:13]} 10. Nxe6 {[%clk 1:33:51]} fxe6
{[%clk 1:33:24]} 11. h4 {[%clk 1:31:05]} Ne5 {[%clk 1:33:29]} 12. Be2
{[%clk 1:31:10]} Qc7 {[%clk 1:32:04]} 13. h5 {[%clk 1:26:54]} Nc4
{[%clk 1:31:31]} 14. Bxc4 {[%clk 1:27:15]} Qxc4 {[%clk 1:31:54]} 15. Bh6
{[%clk 1:26:23]} Rf7 {[%clk 1:26:23]} 16. hxg6 {[%clk 1:23:46]} hxg6
{[%clk 1:26:43]} 17. Qg5 {[%clk 1:18:22]} Bxh6 {[%clk 1:21:35]} 18. Rxh6
{[%clk 1:13:34]} Rh7 {[%clk 1:19:32]} 19. O-O-O {[%clk 0:58:27]} Rf8
{[%clk 1:17:33]} 20. Rxh7 Kxh7 {[%clk 1:17:49]} 21. Rh1+ {[%clk 0:57:41]} Kg7
{[%clk 1:17:54]} 22. Rh6 {[%clk 0:54:41]} Qf1+ {[%clk 1:16:48]} 23. Nd1
{[%clk 0:55:02]} Rg8 {[%clk 1:16:47]} 24. Rxg6+ {[%clk 0:53:45]} Kf7
{[%clk 1:16:22]} 25. Rxg8 {[%clk 0:53:44]} Nxg8 {[%clk 1:16:39]} 26. Qe3
{[%clk 0:53:59]} Nf6 {[%clk 1:14:36]} 27. Qf2 {[%clk 0:51:31]} Qh3
{[%clk 1:13:29]} 28. Kd2 {[%clk 0:43:33]} Qh6+ {[%clk 1:12:24]} 29. Qe3
{[%clk 0:43:14]} Qh2+ {[%clk 1:12:17]} 30. Qf2 {[%clk 0:43:11]} Qf4+
{[%clk 1:11:45]} 31. Qe3 {[%clk 0:43:02]} Qh2+ {[%clk 1:10:55]} 32. Nf2
{[%clk 0:39:46]} Nd7 {[%clk 1:08:00]} 33. Qxa7 {[%clk 0:36:58]} Ne5
{[%clk 1:06:28]} 34. Ke2 {[%clk 0:37:13]} Qg3 {[%clk 1:02:52]} 35. Qe3
{[%clk 0:36:17]} Ng6 {[%clk 1:03:07]} 36. Nd3 {[%clk 0:34:08]} e5
{[%clk 0:59:12]} 37. Qf2 {[%clk 0:25:57]} Qh3 {[%clk 0:59:24]} 38. a4
{[%clk 0:19:54]} Qh1 {[%clk 0:57:02]} 39. Qf1 {[%clk 0:18:53]} Qh2+
{[%clk 0:54:43]} 40. Qf2 {[%clk 0:47:33]} Qh1 {[%clk 1:25:04]} 41. b3
{[%clk 0:45:52]} Nf8 {[%clk 1:21:28]} 42. Qf1 {[%clk 0:38:51]} Qh2+
{[%clk 1:21:50]} 43. Kd1 {[%clk 0:37:52]} Ne6 {[%clk 1:22:05]} 44. Qf2
{[%clk 0:36:57]} Qh1+ {[%clk 1:22:27]} 45. Ne1 {[%clk 0:36:59]} Qh6
{[%clk 1:21:11]} 46. Qd2 {[%clk 0:37:01]} Nf4 {[%clk 1:20:49]} 47. a5
{[%clk 0:36:15]} Qh8 {[%clk 1:19:49]} 48. b4 {[%clk 0:36:20]} Qc8
{[%clk 1:18:40]} 49. Nd3 {[%clk 0:35:51]} Ng6 {[%clk 1:18:36]} 50. g5
{[%clk 0:35:34]} Qh3 {[%clk 1:18:57]} 51. c4 {[%clk 0:32:19]} Qxf3+
{[%clk 1:19:02]} 52. Qe2 {[%clk 0:32:27]} Qh1+ {[%clk 1:19:19]} 53. Kd2
{[%clk 0:32:04]} Qb1 {[%clk 1:18:38]} 54. Qd1 {[%clk 0:30:01]} Qa2+
{[%clk 1:18:29]} 55. Qc2 {[%clk 0:30:25]} Qa1 {[%clk 1:18:47]} 56. c5
{[%clk 0:29:26]} Qd4 {[%clk 1:17:41]} 57. cxd6 {[%clk 0:29:11]} Qxd6
{[%clk 1:15:48]} 58. Qc5 {[%clk 0:29:11]} Qb8 {[%clk 1:14:57]} 59. Qd5+
{[%clk 0:29:09]} Kg7 {[%clk 1:15:00]} 60. b5 {[%clk 0:28:10]} Qh8
{[%clk 1:11:50]} 61. Qxb7 {[%clk 0:26:22]} Qh2+ {[%clk 1:12:11]} 62. Kc3
{[%clk 0:26:23]} Qa2 {[%clk 1:11:58]} 63. a6 {[%clk 0:26:22]} Qa1+
{[%clk 1:11:34]} 64. Kd2 {[%clk 0:25:40]} Qa2+ {[%clk 1:08:51]} 65. Ke3
{[%clk 0:25:12]} Qg2 {[%clk 1:07:58]} 66. a7 {[%clk 0:24:57]} Qxg5+
{[%clk 1:08:14]} 67. Ke2 {[%clk 0:25:20]} Qg2+ {[%clk 1:08:22]} 68. Kd1
{[%clk 0:25:09]} Qg1+ {[%clk 1:07:37]} 69. Kc2 {[%clk 0:25:28]} 1-0